000 00324nam a22001337a 4500
008 170407b xxu||||| |||| 00| 0 eng d
020 _a0130435147
041 _aeng
080 _22ND
_a616
100 _a9
101 _aSHM
245 _aAPPRAISAL DIAGNOSIS OF SPEECH & LANGUAGE DISORDERS
_cPETERSON, H.A
942 _2udc
_cBK
999 _c10197
_d10197